Czech National Bank annual report 2005

Guardado en:
Detalles Bibliográficos
Formato: Libro
Lenguaje:inglés
Publicado: Praha Czech National Bank [2006]
Materias:
Etiquetas: Agregar Etiqueta
Sin Etiquetas, Sea el primero en etiquetar este registro!

MARC

LEADER 00000nam$a2200000$$$4500
001 0052266
005 20231114125623.1
041 0 |a eng 
044 |a CZ 
245 1 0 |a Czech National Bank  |b annual report 2005 
264 1 |a Praha  |b Czech National Bank  |c [2006] 
300 |a 67 s. 
610 2 0 |a pracovníci riadiaci 
610 2 0 |a štruktúra organizačná 
610 2 0 |a banky 
610 2 0 |a politika menová 
610 2 0 |a vývoj hospodársky 
610 2 0 |a politika peňažná 
610 2 0 |a euro 
610 2 0 |a trh finančný 
610 2 0 |a operácie bankové 
610 2 0 |a výskum ekonomický 
610 2 0 |a stabilita finančná 
610 2 0 |a štatistika 
610 2 0 |a orgány štátne 
610 2 0 |a spolupráca medzinárodná 
610 2 0 |a komunikácia 
610 2 0 |a ČNB 
610 2 0 |a 2005